000
00326nam a2200121 a 4500
005
20140414132112.0
008
110520s19uu xx 00 eng d
050
_a
DVD
_b
AB8
245
_a
Abraham and Isaac :
_b
Moses.
260
_b
Nest Entertainment.
440
_a
The Animated Stories from the New Testament
999
_c
114783
_d
114783